000 01552nam a2200337 4500
001 0000021951
003 CO-CtgCURN
005 20250331185144.0
007 ta
008 160627s2005 000 0 eng d
020 _a9586906833
040 _aCO-CtgCURN
_bspa
_ccoctgcurn
082 0 _a610.7362
_bC344u
100 1 _aCasado Flores, Juan.
245 1 0 _aUrgencias y tratamiento del niƱo grave :
_bsintomas guia, tecnicas y cuidados intensivos /
_cJuan Casado Flores y Ana Serrano.
260 _aBarcelona :
_bOceano,
_c2005.
300 _a2 V.
336 _2rdacontent
337 _2rdamedia
_asin mediacion
_bn
338 _2rdacarrier
_avolumen
_bnc
504 _aIncluye bibliografia.
505 8 _av.1: Modulo soporte vital.--Modulo cardiovascular.--Modulo respiratorio.--Modulo neurologico.--Modulo infeccioso.--v.2: Modulo traumatismos y accidentes.--Modulo neonatal.--Modulo renal y urologico.--Modulo digestivo y hepatico.--Modulo endocrino, metabolico y nutricion.--Modulo oncohematologico.--Modulo analgesia y cuidados postoperatorios.--Modulos otras urgencias.--Modulo miscelaneo.--Farmacos
650 1 4 _aUrgencias pediatricas.
700 1 _aSerrano, Ana.
908 _a160627
942 _cBK
_h610.7362
_iC344u
_2ddc
999 _c21480
_d21480